|
|
|
|
| LEADER |
00000nam0a2200000 4500 |
| 001 |
379440 |
| 005 |
20231211103315.0 |
| 010 |
|
|
|a 978-5-17-101642-5
|
| 035 |
|
|
|a (RuTPU)RU\TPU\retro\36907
|
| 090 |
|
|
|a 379440
|
| 100 |
|
|
|a 20231003d2022 km|y0rusy50 ca
|
| 101 |
1 |
|
|a rus
|c fre
|
| 102 |
|
|
|a RU
|
| 105 |
|
|
|a y z 000yy
|
| 181 |
|
0 |
|a i
|b e
|
| 182 |
|
0 |
|a n
|
| 183 |
|
0 |
|a nc
|2 RDAcarrier
|
| 200 |
1 |
|
|a Психология народов и масс
|f Гюстав Лебон
|g пер. с фр. Э. Пименовой, А. Фридмана
|
| 203 |
|
|
|a Текст
|b визуальный
|c непосредственный
|
| 210 |
|
|
|a Москва
|c АСТ
|d 2022
|
| 215 |
|
|
|a 384 с.
|
| 225 |
1 |
|
|a Эксклюзивная классика
|
| 283 |
|
|
|a volume
|2 RDAcarrier
|
| 330 |
|
|
|a Книга, на основе которой создавались, создаются и будут создаваться все новые и новые рекламные, политические и медийные технологии. Книга, которую должен знать наизусть любой политик, журналист, пиарщик или просто человек, не желающий становиться бессловесной жертвой пропаганды. Идеи-догмы и религия как способ влияния на народные массы, влияние пропаганды на настроения толпы, способы внушения массам любых — даже самых вредных и разрушительных — идей — вот лишь немногие из гениальных и циничных прозрений Гюстава Лебона.
|
| 606 |
1 |
|
|a Этническая психология
|9 46472
|
| 610 |
1 |
|
|a социальная психология
|
| 610 |
1 |
|
|a нация
|
| 610 |
1 |
|
|a религия
|
| 610 |
1 |
|
|a народы
|
| 610 |
1 |
|
|a расы
|
| 610 |
1 |
|
|a психологические черты
|
| 610 |
1 |
|
|a толпы
|
| 686 |
|
|
|2 rubbk
|a Ю958
|
| 700 |
|
1 |
|a Лебон
|b Г.
|c французский социолог
|c социальный психолог
|f 1841-1931
|g Гюстав
|4 070
|9 5496
|
| 701 |
|
|
|4 730
|a Пименова
|b Э.
|
| 702 |
|
1 |
|4 730
|a Фридман
|b А.
|
| 801 |
|
1 |
|a RU
|b 63413507
|c 20231003
|
| 801 |
|
2 |
|a RU
|b 63413507
|c 20231004
|g RCR
|
| 942 |
|
|
|c BK
|